000 00492nam a2200193 a 4500
001 1774866810443
003 YourLibrary
005 20260330160638.0
008 260330s2009##################000#0#eng##
020 _a9780745328621
082 0 4 _a336.2
_bKOH
100 1 _aKohonen, Matti,
_eauthor.
245 1 0 _aTax Justice :
260 _bPluto Press (UK),
_c2009.
300 _a260 pages
650 0 _aBusiness & Economics.
942 _cENGLISH
040 _aYourLibrary
_beng
_cYourLibrary
999 _c618487
_d618487